| 000 | 00873nam a22001577a 4500 | ||
|---|---|---|---|
| 003 | OSt | ||
| 005 | 20160323151040.0 | ||
| 008 | 160323b xxu||||| |||| 00| 0 eng d | ||
| 040 | _cRUA | ||
| 082 | _aAGR SUO 2007 B470 Or.1 | ||
| 100 |
_98156 _aSUON PAGNASAK; សួន បញ្ញាស័ក |
||
| 245 | _aEffect of rhizobium and nitrogen fertilizer application on soybean in the crop station of the royal university of agriculture; ប្រសិទ្ធភាពនៃការប្រើប្រាស់ម្សៅរីសូប្យ៉ូម និងជីអាសូតលើដំណាំសណ្ដែកស្បៀងក្នុងស្ថានីយ៏ដំណាំនៃសាកលវិទ្យាល័យភូមិន្ទកសិកម្ម | ||
| 260 |
_aPhnom Penh _bRUA _c2007 |
||
| 300 |
_axii;65p. _bill. _c29cm. |
||
| 942 |
_2ddc _cAGR |
||
| 999 |
_c7768 _d7768 |
||